[Event "Warsaw YMCA Golden Autumn 267th"]
[Site "Warsaw"]
[Date "2022.09.30"]
[Round "9"]
[White "Szwaj, Jacek"]
[Black "Celinski, Kamil"]
[Result "1/2-1/2"]
[WhiteElo "1893"]
[BlackElo "1959"]
[PlyCount "118"]
[EventDate "2022.09.30"]
[EventType "tourn"]
[EventRounds "13"]
[EventCountry "POL"]
[SourceTitle "EXT 2024"]
[Source "ChessBase"]
[SourceDate "2023.10.10"]
[SourceVersion "1"]
[SourceVersionDate "2023.10.10"]
[SourceQuality "1"]

1. e4 e5 2. Nf3 Nc6 3. Bb5 a6 4. Bxc6 dxc6 5. 0-0 Bd6 6. d4 exd4 7. Qxd4 f6 8. Be3 Be6 9. Nbd2 Ne7 10. Qc3 0-0 11. Nc4 Bxc4 12. Qxc4+ Kh8 13. Nd4 Qc8 14. f4 c5 15. Nf3 b5 16. Qc3 c4 17. e5 Nd5 18. Qd4 Nxe3 19. Qxe3 Be7 20. Rad1 Qe6 21. Kh1 c5 22. Rd2 Rae8 23. Re1 fxe5 24. Nxe5 Bd6 25. Rxd6 Qxd6 26. Nf7+ Rxf7 27. Qxe8+ Rf8 28. Qe5 Qxe5 29. Rxe5 Rd8 30. Kg1 Kg8 31. Kf2 Rd2+ 32. Re2 Rd4 33. Ke3 c3 34. bxc3 Ra4 35. Rd2 Rxa2 36. Ke4 Ra3 37. Kf5 Rxc3 38. g4 a5 39. Rd8+ Kf7 40. Ra8 Rxc2 41. Ra7+ Kf8 42. Rxa5 b4 43. Rb5 Ke7 44. Ke5 Kd7 45. Kd5 Kc7 46. f5 Rxh2 47. Kxc5 Rc2+ 48. Kd5 Rd2+ 49. Ke5 Re2+ 50. Kd5 Rd2+ 51. Ke5 Rb2 52. Kd5 b3 53. g5 Rg2 54. Rxb3 Rxg5 55. Ke6 h6 56. Rd3 Kc6 57. f6 Rg6 58. Kf7 Rxf6+ 59. Kxg7 Rd6 1/2-1/2

[Event "Warsaw YMCA Winter-A 224th"]
[Site "Warsaw"]
[Date "2020.02.21"]
[Round "8"]
[White "Ossolinski, Ziemowit"]
[Black "Szwaj, Jacek"]
[Result "0-1"]
[WhiteElo "1880"]
[BlackElo "1937"]
[PlyCount "85"]
[EventDate "2020.01.10"]
[EventType "tourn"]
[EventRounds "13"]
[EventCountry "POL"]
[SourceTitle "CBM 195 Extra"]
[Source "ChessBase"]
[SourceDate "2020.05.31"]
[SourceVersion "1"]
[SourceVersionDate "2020.05.31"]
[SourceQuality "1"]

1. e4 c5 2. Nf3 d6 3. d4 cxd4 4. Nxd4 Nf6 5. f3 e5 6. Nb3 d5 7. Bg5 Be6 8. exd5 Qxd5 9. Nc3 Bb4 10. Bxf6 Bxc3+ 11. bxc3 gxf6 12. Bd3 f5 13. c4 Qc6 14. Qd2 Nd7 15. Qg5 Qb6 16. 0-0-0 h6 17. Qh5 Qe3+ 18. Kb2 Qg5 19. Qxg5 hxg5 20. h3 Rc8 21. Rhe1 Ke7 22. Rd2 Rc7 23. Red1 Nb6 24. Re1 f6 25. Na5 Rd8 26. Red1 Na4+ 27. Kb3 Nc5+ 28. Kc3 Rcd7 29. Kb4 Rc7 30. Nb3 Na6+ 31. Kc3 Rdc8 32. Kb2 Rd8 33. a3 Rdc8 34. Na5 Nc5 35. Kc3 e4 36. Be2 e3 37. Rd6 f4 38. R6d4 b6 39. Nb3 Na4+ 40. Kb4 Nb2 41. Re4 a5+ 42. Kb5 Nxd1 43. Nd4 0-1

[Event "Warsaw YMCA Winter-A 224th"]
[Site "Warsaw"]
[Date "2020.02.15"]
[Round "7"]
[White "Szwaj, Jacek"]
[Black "Liberadzki, Slawomir"]
[Result "1-0"]
[WhiteElo "1937"]
[BlackElo "1981"]
[PlyCount "85"]
[EventDate "2020.01.10"]
[EventType "tourn"]
[EventRounds "13"]
[EventCountry "POL"]
[SourceTitle "CBM 195 Extra"]
[Source "ChessBase"]
[SourceDate "2020.05.31"]
[SourceVersion "1"]
[SourceVersionDate "2020.05.31"]
[SourceQuality "1"]

1. e4 c5 2. Nf3 e6 3. d4 cxd4 4. Nxd4 Nc6 5. Nc3 Qc7 6. f4 a6 7. Nxc6 bxc6 8. e5 d6 9. exd6 Bxd6 10. Ne4 Bxf4 11. Bxf4 Qxf4 12. Qd4 e5 13. Nd6+ Kf8 14. Qc5 Ne7 15. Bc4 f6 16. Rd1 Bg4 17. Rd2 Rd8 18. Rf1 Qxh2 19. Nf5 Re8 20. Nxe7 Qh4+ 21. Rff2 Qh1+ 22. Bf1 Kf7 23. Nxc6 e4 24. Qa7+ Kg6 25. Ne7+ Kh5 26. Qc5+ g5 27. Nd5 e3 28. Nxf6+ Kg6 29. Nxe8 exf2+ 30. Rxf2 Rxe8+ 31. Kd2 Rd8+ 32. Bd3+ Kh5 33. Qe7 Rd7 34. Qe8+ Kh4 35. Qe3 Qh2 36. Qe1 Kh5 37. Qe8+ Kh4 38. Qe1 Kh5 39. Kc1 Kh6 40. g3 Qh5 41. Rf6+ Kg7 42. Qe5 Qh1+ 43. Rf1+ 1-0

[Event "Warsaw YMCA Winter-A 224th"]
[Site "Warsaw"]
[Date "2020.01.17"]
[Round "2"]
[White "Szwaj, Jacek"]
[Black "Malicka, Maria"]
[Result "1-0"]
[WhiteElo "1937"]
[BlackElo "2041"]
[PlyCount "187"]
[EventDate "2020.01.10"]
[EventType "tourn"]
[EventRounds "13"]
[EventCountry "POL"]
[SourceTitle "CBM 195 Extra"]
[Source "ChessBase"]
[SourceDate "2020.05.31"]
[SourceVersion "1"]
[SourceVersionDate "2020.05.31"]
[SourceQuality "1"]

1. e4 c5 2. Nf3 d6 3. d4 cxd4 4. Nxd4 Nf6 5. Nc3 a6 6. Be2 e5 7. Nb3 Be7 8. 0-0 0-0 9. Qd3 Be6 10. Nd5 Bxd5 11. exd5 Nbd7 12. c4 Ne8 13. f4 Rc8 14. f5 Bg5 15. Be3 Bxe3+ 16. Qxe3 Nef6 17. Rac1 Re8 18. g4 h6 19. Kh1 Nh7 20. Qg3 Ndf6 21. h4 b5 22. Nd2 bxc4 23. g5 hxg5 24. hxg5 Nxd5 25. Bxc4 Rxc4 26. Rxc4 Nf4 27. g6 fxg6 28. fxg6 Nf6 29. Rcxf4 exf4 30. Qxf4 Qa8+ 31. Kg1 Qd5 32. Qc4 Qxc4 33. Nxc4 d5 34. Nd6 Re5 35. Rf2 Kf8 36. Nf5 a5 37. Kf1 Kg8 38. Nd4 Rg5 39. Rg2 Re5 40. Rc2 Re8 41. Rc7 Rb8 42. b3 Re8 43. Nc6 Ng4 44. Ne7+ Kf8 45. Nxd5 Ne3+ 46. Nxe3 Rxe3 47. Rf7+ Kg8 48. Ra7 Kf8 49. Rxa5 Re6 50. Rg5 Ke7 51. a4 Kf6 52. Rg3 Ke7 53. Kg2 Kd6 54. Kf3 Kc5 55. Rg4 Kb6 56. Rg5 Re1 57. Kf2 Re6 58. Rb5+ Ka6 59. Rg5 Rb6 60. Rg3 Ka5 61. Ke2 Kb4 62. Kd2 Rc6 63. Ke2 Rd6 64. Kf2 Re6 65. Kg2 Rd6 66. Kh3 Rc6 67. Kh4 Rd6 68. Kg5 Rc6 69. Kf5 Rf6+ 70. Kg5 Rf1 71. Kg4 Rf6 72. Kh5 Rf1 73. Re3 Rh1+ 74. Kg4 Rg1+ 75. Kf5 Rf1+ 76. Kg4 Rg1+ 77. Kf5 Rf1+ 78. Ke5 Rg1 79. Re4+ Kxb3 80. Kf5 Rf1+ 81. Rf4 Re1 82. a5 Re7 83. Re4 Ra7 84. Re5 Kb4 85. Ke6 Kc4 86. Rd5 Ra6+ 87. Rd6 Rxa5 88. Rd7 Rg5 89. Kf7 Kc5 90. Kxg7 Kc6 91. Rd2 Rg1 92. Kf7 Rf1+ 93. Kg8 Rg1 94. g7 1-0

[Event "Warsaw YMCA Winter-A 224th"]
[Site "Warsaw"]
[Date "2020.01.10"]
[Round "1"]
[White "Delega, Tomasz"]
[Black "Szwaj, Jacek"]
[Result "1-0"]
[WhiteElo "1974"]
[BlackElo "1937"]
[PlyCount "103"]
[EventDate "2020.01.10"]
[EventType "tourn"]
[EventRounds "13"]
[EventCountry "POL"]
[SourceTitle "CBM 195 Extra"]
[Source "ChessBase"]
[SourceDate "2020.05.31"]
[SourceVersion "1"]
[SourceVersionDate "2020.05.31"]
[SourceQuality "1"]

1. e4 c5 2. Nf3 e6 3. d4 cxd4 4. Nxd4 Nf6 5. Bd3 d6 6. 0-0 Be7 7. Kh1 Nc6 8. Nxc6 bxc6 9. f4 e5 10. fxe5 dxe5 11. Nd2 Bg4 12. Qe1 Nh5 13. Nc4 Qc7 14. Qc3 Bf6 15. Na5 0-0 16. Be3 Nf4 17. Rae1 Rfe8 18. Bb5 Rac8 19. Ba6 Rcd8 20. Nxc6 Rd6 21. Bb5 Bh4 22. Nxa7 Qxc3 23. bxc3 Bxe1 24. Bxe8 Bxc3 25. Nb5 Be2 26. Nxd6 Bxf1 27. Bxf4 exf4 28. Bxf7+ Kf8 29. Bc4 Bb4 30. Bxf1 Bxd6 31. Bd3 Ke7 32. Kg1 Bb4 33. Kf2 Kf6 34. Ke2 Ke5 35. Kd1 Bc3 36. a4 h6 37. Ke2 g5 38. Kf3 Ke6 39. Kg4 Kf6 40. Kh5 Kg7 41. Be2 Kh7 42. Bg4 Kg7 43. Bf5 Kf6 44. Kxh6 Bd2 45. Kh5 Ke5 46. Kg4 Kd4 47. Bg6 Ke5 48. Kf3 Be3 49. Kg4 Bd2 50. Bh7 Kd4 51. Kf5 Ke3 52. e5 1-0

[Event "POL-chT 2nd League"]
[Site "Jastrzebia Gora"]
[Date "2019.09.14"]
[Round "8.16"]
[White "Chalupnik, Marcin"]
[Black "Szwaj, Jacek"]
[Result "1/2-1/2"]
[WhiteElo "2178"]
[BlackElo "1964"]
[PlyCount "106"]
[EventDate "2019.09.07"]
[EventType "team-swiss"]
[EventRounds "9"]
[EventCountry "POL"]
[SourceTitle "EXT 2020"]
[Source "ChessBase"]
[SourceDate "2019.10.17"]
[SourceVersion "1"]
[SourceVersionDate "2019.10.17"]
[SourceQuality "1"]
[WhiteTeam "Warszawa YMCA"]
[BlackTeam "Warszawa Mogalo"]
[WhiteTeamCountry "POL"]
[BlackTeamCountry "POL"]

1. e4 c5 2. Nf3 d6 3. Bb5+ Bd7 4. Bxd7+ Qxd7 5. c4 g6 6. d4 cxd4 7. Nxd4 Bg7 8. Nc3 Nc6 9. Be3 Nf6 10. f3 0-0 11. 0-0 Rac8 12. b3 Ne8 13. Rc1 e6 14. Qd2 f5 15. Rfd1 f4 16. Bf2 Be5 17. Nxc6 bxc6 18. Bd4 Qg7 19. Bxe5 Qxe5 20. Qd4 Qxd4+ 21. Rxd4 Rf7 22. c5 d5 23. exd5 exd5 24. Re1 Nc7 25. Kf2 Kf8 26. g3 fxg3+ 27. hxg3 Re8 28. Rxe8+ Kxe8 29. Ra4 Ne6 30. Ra6 Nd4 31. f4 g5 32. Ke3 Nf5+ 33. Kd3 gxf4 34. gxf4 Rc7 35. Ke2 h5 36. Kf3 Rg7 37. Ne2 Re7 38. Ra4 Kf7 39. Nd4 Nxd4+ 40. Rxd4 Kf6 41. Rd1 Kf5 42. Rg1 Rh7 43. Rg5+ Kf6 44. Kg3 Rg7 45. Kh4 Rxg5 46. fxg5+ Kg6 47. b4 a6 48. a4 d4 49. b5 axb5 50. axb5 d3 51. bxc6 d2 52. c7 d1Q 53. c8Q Qd4+ 1/2-1/2

[Event "Warsaw Najdorf Memorial op-A 17th"]
[Site "Warsaw"]
[Date "2019.07.12"]
[Round "7"]
[White "Szwaj, Jacek"]
[Black "Parol, Pola"]
[Result "0-1"]
[WhiteElo "2000"]
[BlackElo "2064"]
[PlyCount "90"]
[EventDate "2019.07.06"]
[EventType "swiss"]
[EventRounds "9"]
[EventCountry "POL"]
[SourceTitle "EXT 2021"]
[Source "ChessBase"]
[SourceDate "2020.10.23"]
[SourceVersion "1"]
[SourceVersionDate "2020.10.23"]
[SourceQuality "1"]

1. e4 c5 2. Nf3 d6 3. d4 cxd4 4. Nxd4 Nf6 5. Nc3 g6 6. Be3 Bg7 7. Be2 0-0 8. 0-0 Nc6 9. Qd2 d5 10. exd5 Nxd5 11. Nxd5 Nxd4 12. c4 Nxe2+ 13. Qxe2 e6 14. Nb4 Qc7 15. Rac1 a5 16. Nd3 e5 17. f3 Bf5 18. Nf2 Qc6 19. b3 Rfe8 20. Rfd1 e4 21. f4 Rad8 22. Rxd8 Rxd8 23. Rd1 Rd7 24. h3 Be6 25. Rxd7 Bxd7 26. Qd2 a4 27. Nd1 axb3 28. axb3 f5 29. Nc3 Kf7 30. Nb5 Bf6 31. Bd4 Be7 32. Kf1 Be6 33. Qc3 Qd7 34. Kg1 Ke8 35. Qa5 Kf7 36. Qa8 Qc8 37. Qa7 Bd7 38. Nc3 Bc6 39. Qa5 Qe6 40. Qb6 Qd6 41. Be3 Qd3 42. Qd4 Bf6 43. Qxd3 exd3 44. Nd5 Bxd5 45. cxd5 Bd4 0-1

[Event "Baltic Cup 3rd"]
[Site "Darlowko"]
[Date "2019.06.27"]
[Round "6"]
[White "Szwaj, Jacek"]
[Black "Zolnierowicz, Krzysztof"]
[Result "0-1"]
[WhiteElo "2000"]
[BlackElo "2013"]
[PlyCount "68"]
[EventDate "2019.06.23"]
[EventType "swiss"]
[EventRounds "9"]
[EventCountry "POL"]
[SourceTitle "CBM 191 Extra"]
[Source "ChessBase"]
[SourceDate "2019.09.30"]
[SourceVersion "1"]
[SourceVersionDate "2019.09.30"]
[SourceQuality "1"]

1. e4 c5 2. Nf3 d6 3. d4 Nf6 4. Nc3 cxd4 5. Nxd4 a6 6. Be2 e5 7. Nb3 Be7 8. Qd3 0-0 9. 0-0 Nbd7 10. Be3 b5 11. a4 b4 12. Nd5 Bb7 13. c4 bxc3 14. bxc3 Kh8 15. c4 Nxd5 16. cxd5 a5 17. Rfc1 f5 18. f3 Nf6 19. Qb1 Nh5 20. Nd2 Bg5 21. Nf1 Bxe3+ 22. Nxe3 Nf4 23. Ra2 Rb8 24. Bb5 fxe4 25. Qxe4 Nxd5 26. Nxd5 Rf4 27. Qe3 Bxd5 28. Rac2 h6 29. Rc7 Qg5 30. Bd3 e4 31. Qa7 Rbf8 32. Bxe4 Rxe4 33. fxe4 Bxe4 34. g3 Qd2 0-1

[Event "POL-ch blitz"]
[Site "Chorzow"]
[Date "2019.04.12"]
[Round "1"]
[White "Szwaj, Jacek"]
[Black "Czarnota, Pawel"]
[Result "0-1"]
[WhiteElo "1995"]
[BlackElo "2534"]
[PlyCount "46"]
[EventDate "2019.04.12"]
[EventType "swiss (blitz)"]
[EventRounds "15"]
[EventCountry "POL"]
[SourceTitle "CBM 189 Extra"]
[Source "ChessBase"]
[SourceDate "2019.06.03"]
[SourceVersion "1"]
[SourceVersionDate "2019.06.03"]
[SourceQuality "1"]

1. e4 c5 2. Nf3 d6 3. d4 cxd4 4. Nxd4 Nf6 5. Nc3 Nc6 6. Be2 e5 7. Nb3 Be7 8. 0-0 0-0 9. Be3 a5 10. a4 Nb4 11. Bf3 Qc7 12. Qd2 Be6 13. Rfd1 Rfd8 14. Nb5 Qxc2 15. Rac1 Qxb3 16. Rc7 Bf8 17. Rxb7 Rab8 18. Rxb8 Rxb8 19. Rc1 Qxa4 20. Nc7 Qd7 21. Nxe6 Qxe6 22. Ra1 Qc4 23. h3 Nxe4 0-1

[Event "Mazowiec-chT 1819"]
[Site "Warsaw"]
[Date "2019.01.13"]
[Round "3.2"]
[White "Basiaga, Sebastian"]
[Black "Szwaj, Jacek"]
[Result "0-1"]
[WhiteElo "1697"]
[BlackElo "1968"]
[PlyCount "124"]
[EventDate "2018.12.02"]
[EventType "team-tourn"]
[EventRounds "7"]
[EventCountry "POL"]
[SourceTitle "EXT 2020"]
[Source "ChessBase"]
[SourceDate "2019.10.17"]
[SourceVersion "1"]
[SourceVersionDate "2019.10.17"]
[SourceQuality "1"]

1. e4 c5 2. Nf3 d6 3. Bb5+ Bd7 4. Bxd7+ Qxd7 5. c4 Nc6 6. d4 cxd4 7. Nxd4 g6 8. Nc3 Bg7 9. Be3 Nf6 10. f3 Ne5 11. b3 0-0 12. Qd2 Nc6 13. 0-0 Rfd8 14. Rfd1 a6 15. Rac1 e6 16. Nde2 Qe7 17. Bb6 Rd7 18. Qe3 Re8 19. Rd2 h5 20. Rcd1 Kh7 21. Qf2 Bh6 22. Be3 Bxe3 23. Qxe3 Red8 24. Nf4 Ne5 25. h3 h4 26. Nfe2 Nh5 27. f4 Nc6 28. Qf3 Ng7 29. Kh1 f5 30. Nd4 Nxd4 31. Rxd4 Nh5 32. Kh2 Ng3 33. Re1 Qf6 34. Rd3 Kg7 35. Red1 Qe7 36. Re1 Qf7 37. Red1 fxe4 38. Nxe4 Nxe4 39. Qxe4 Qf5 40. Qxf5 gxf5 41. Kg1 Kf6 42. Kf2 Ke7 43. Re1 Rg8 44. Rde3 Rg6 45. R1e2 Rd8 46. g3 Rh8 47. a3 Kd7 48. Rd2 Kc7 49. Red3 e5 50. fxe5 dxe5 51. gxh4 Rxh4 52. Rg3 Rgh6 53. Kg2 f4 54. Rg7+ Kc6 55. Rdd7 Rxh3 56. Rc7+ Kd6 57. Rgd7+ Ke6 58. Rxb7 Rg3+ 59. Kf1 Rh1+ 60. Ke2 Rh2+ 61. Kf1 Rc3 62. Kg1 Rb2 0-1

[Event "Krakow op-B 29th"]
[Site "Krakow"]
[Date "2019.01.03"]
[Round "8"]
[White "Szwaj, Jacek"]
[Black "Adamczewski, Maciej"]
[Result "1/2-1/2"]
[WhiteElo "1968"]
[BlackElo "2080"]
[PlyCount "141"]
[EventDate "2018.12.27"]
[EventType "swiss"]
[EventRounds "9"]
[EventCountry "POL"]
[SourceTitle "CBM 189 Extra"]
[Source "ChessBase"]
[SourceDate "2019.06.03"]
[SourceVersion "1"]
[SourceVersionDate "2019.06.03"]
[SourceQuality "1"]

1. e4 e6 2. d4 d5 3. Nd2 a6 4. Bd3 c5 5. dxc5 Bxc5 6. Ngf3 Nc6 7. exd5 exd5 8. 0-0 Nf6 9. Re1+ Be7 10. c3 0-0 11. Nb3 Bg4 12. Nbd4 Re8 13. Qc2 Bh5 14. Bg5 h6 15. Bh4 Bxf3 16. Nxf3 Nd7 17. Bxe7 Rxe7 18. Rxe7 Qxe7 19. Re1 Qd6 20. Qd2 Rd8 21. Bc2 Nc5 22. Qe2 Kf8 23. Qe3 Ne6 24. Qd3 Ke7 25. Bb3 Rd7 26. g3 Kd8 27. Ba4 Nc5 28. Qd1 b5 29. Bc2 g6 30. Qd2 h5 31. b4 Ne6 32. Bb3 Nc7 33. Rd1 Kc8 34. a4 Ne5 35. Ne1 Qc6 36. axb5 axb5 37. Qd4 Nc4 38. Nd3 Ne6 39. Qh8+ Rd8 40. Qf6 Qc7 41. Ra1 Nb6 42. Qe5 Qxe5 43. Nxe5 Ng5 44. f4 Ne4 45. Nxf7 Rf8 46. Ne5 Nxc3 47. Nxg6 Rf6 48. Ne5 Nc4 49. Bd1 Nxe5 50. fxe5 Rf5 51. e6 Re5 52. Bf3 Kd8 53. Ra7 Rxe6 54. Bxh5 d4 55. Ra3 Re5 56. Bf3 Re1+ 57. Kf2 Rb1 58. h4 Rxb4 59. h5 Ke7 60. h6 Rb2+ 61. Kg1 Kf7 62. Bh5+ Kg8 63. Bg6 Ra2 64. Rxa2 Nxa2 65. Kf2 Nc3 66. g4 b4 67. Bc2 Kh8 68. Ke1 Nd5 69. Kf2 Ne3 70. Bb3 Nxg4+ 71. Kf3 1/2-1/2

[Event "Krakow op-B 29th"]
[Site "Krakow"]
[Date "2018.12.29"]
[Round "3"]
[White "Cichon, Jakub"]
[Black "Szwaj, Jacek"]
[Result "0-1"]
[WhiteElo "1558"]
[BlackElo "1968"]
[PlyCount "86"]
[EventDate "2018.12.27"]
[EventType "swiss"]
[EventRounds "9"]
[EventCountry "POL"]
[SourceTitle "CBM 189 Extra"]
[Source "ChessBase"]
[SourceDate "2019.06.03"]
[SourceVersion "1"]
[SourceVersionDate "2019.06.03"]
[SourceQuality "1"]

1. e4 c5 2. Nf3 d6 3. d4 cxd4 4. Nxd4 Nf6 5. Nc3 a6 6. Be2 e5 7. Nb3 Be7 8. Be3 Be6 9. Qd2 Nbd7 10. f3 b5 11. 0-0 Nb6 12. Kh1 Nc4 13. Bxc4 bxc4 14. Nc1 0-0 15. N1e2 Qb8 16. b3 Rd8 17. f4 d5 18. exd5 Nxd5 19. Nxd5 Bxd5 20. Qe1 Bf6 21. Rd1 Qb7 22. Qg3 Re8 23. f5 Be4 24. Rd6 Kh8 25. Qg4 Bxc2 26. Ng3 cxb3 27. axb3 Red8 28. Rb6 Qd5 29. Bg5 Qd4 30. Qxd4 exd4 31. Bd2 Rab8 32. Rxb8 Rxb8 33. b4 Be5 34. Ra1 Bd3 35. Ra3 Bb5 36. Ne4 Rc8 37. Nc5 Rc6 38. g4 h6 39. Ra5 Bd6 40. Ne4 Bc7 41. Ra1 Rc2 42. Rc1 Rxc1+ 43. Bxc1 Bc6 0-1

[Event "Krakow op-B 29th"]
[Site "Krakow"]
[Date "2018.12.27"]
[Round "1"]
[White "Vasilenko, Ekaterina"]
[Black "Szwaj, Jacek"]
[Result "1/2-1/2"]
[WhiteElo "1791"]
[BlackElo "1968"]
[PlyCount "113"]
[EventDate "2018.12.27"]
[EventType "swiss"]
[EventRounds "9"]
[EventCountry "POL"]
[SourceTitle "CBM 189 Extra"]
[Source "ChessBase"]
[SourceDate "2019.06.03"]
[SourceVersion "1"]
[SourceVersionDate "2019.06.03"]
[SourceQuality "1"]

1. e4 c5 2. Nf3 d6 3. Bb5+ Bd7 4. Qe2 Nc6 5. e5 e6 6. c3 Qb6 7. Na3 dxe5 8. Nc4 Qc7 9. Nfxe5 Nxe5 10. Nxe5 Nf6 11. f4 Bd6 12. Nxd7 Nxd7 13. f5 0-0-0 14. fxe6 fxe6 15. d3 Bxh2 16. Bxd7+ Rxd7 17. Be3 Bg3+ 18. Bf2 Rf8 19. 0-0 Bxf2+ 20. Rxf2 Rxf2 21. Qxf2 Rxd3 22. Re1 Qd6 23. Qe2 Kd7 24. Qe4 Qd5 25. Qxh7 Rg3 26. Qc2 Kc7 27. Qf2 Rd3 28. Qf7+ Qd7 29. Qxe6 Qxe6 30. Rxe6 Rd2 31. Re7+ Kb6 32. Rxg7 Rxb2 33. a4 Rb3 34. Kf2 Rxc3 35. g4 Rc4 36. a5+ Ka6 37. Kf3 Rb4 38. Rc7 Kxa5 39. Rxc5+ Kb6 40. Re5 Kc6 41. g5 Kd6 42. Re3 Rb1 43. Kf4 Rf1+ 44. Kg4 Rg1+ 45. Kf5 a5 46. Kf6 b5 47. Re8 a4 48. Rb8 Kc5 49. g6 a3 50. Ra8 Kb4 51. g7 Kb3 52. g8Q+ Rxg8 53. Rxg8 b4 54. Ke5 a2 55. Ra8 Kb2 56. Kd4 b3 57. Kc4 1/2-1/2

[Event "Mazowiec-chT 1718"]
[Site "Warsaw"]
[Date "2018.02.18"]
[Round "7.11"]
[White "Szwaj, Jacek"]
[Black "Pac, Maciej"]
[Result "1-0"]
[WhiteElo "1897"]
[BlackElo "1679"]
[PlyCount "35"]
[EventDate "2017.12.03"]
[EventType "team-tourn"]
[EventRounds "10"]
[EventCountry "POL"]
[SourceTitle "EXT 2020"]
[Source "ChessBase"]
[SourceDate "2019.10.17"]
[SourceVersion "1"]
[SourceVersionDate "2019.10.17"]
[SourceQuality "1"]

1. e4 c5 2. Nf3 d6 3. d4 cxd4 4. Nxd4 Nf6 5. Nc3 a6 6. Bg5 e6 7. f4 Be7 8. Qf3 Qc7 9. 0-0-0 Nbd7 10. Bd3 b5 11. Rhe1 b4 12. Nd5 exd5 13. exd5 Nc5 14. Nc6 Nxd5 15. Nxe7 Ne6 16. Nxd5 Qc6 17. f5 0-0 18. Ne7+ 1-0